00516 2200193 4500001002100000005001500021035002000036007000300056008004100059020002200100082001000122084001600132100001700148245003400165250002000199260004400219300004300263650001600306INLIS00000000113891020220121093224 a0010-0122004062ta220121 0 ind  a978-979-27-1964-2 aF 813 aF 813 SAI l0 aSaitou Chiho1 aLilac Nocture /cSaitou Chiho aCetakan Pertama aJakarta :bElex Media Komputindo,c2008 a176 halaman :bilustrasi ;c10 x 18 cm 4aFiksi Komik